100 väkiluvultaan suurinta Irlannin kaupunkia kartalla - Statistics

Yleistilastot
  • Tätä visaa on pelattu 6 kertaa
  • Keskiarvotulos 9 / 100
Vastaukset kartalla
Vastauksille on annettu kartalla punavihreä väri sen mukaan, kuinka moni on saanut sen oikein.
 
Vastaustilastot
Kaupunki % Oikein
Cork
100%
Dublin
100%
Limerick
83%
Dún Laoghaire
50%
Galway
33%
Kilkenny
33%
Letterkenny
33%
New Ross
33%
Waterford
33%
Wexford
33%
An Ros
17%
Ballina
17%
Blackrock
17%
Bray
17%
Carlow
17%
Castlebar
17%
Cavan
17%
Cobh
17%
Derry
17%
Drogheda
17%
Dundalk
17%
Ennis
17%
Kildare
17%
Killarney
17%
Longford
17%
Navan
17%
Portmarnock
17%
Sligo
17%
Swords
17%
Tralee
17%
Wicklow
17%
An Muileann gCearr
0%
Arklow
0%
Ashbourne
0%
Athlone
0%
Athy
0%
Balally
0%
Balbriggan
0%
Baldoyle
0%
Ballinasloe
0%
Ballyboden
0%
Ballyfermot
0%
Ballymun
0%
Beaumont
0%
Blanchardstown
0%
Cabinteely
0%
Carrigaline
0%
Castleknock
0%
Celbridge
0%
Cherryville
0%
Clane
0%
Clondalkin
0%
Cluain Meala
0%
Crumlin
0%
Dalkey
0%
Donabate
0%
Donnybrook
0%
Droichead Nua
0%
Dunboyne
0%
Dundrum
0%
Dungarvan
0%
Enniscorthy
0%
Finglas
0%
Firhouse
0%
Foxrock
0%
Greystones
0%
Jobstown
0%
Kilquade
0%
Knocklyon
0%
Laytown
0%
Leixlip
0%
Lucan
0%
Lusk
0%
Malahide
0%
Mallow
0%
Maynooth
0%
Midleton
0%
Naas
0%
Nenagh Bridge
0%
Newcastle West
0%
Oldbawn
0%
Palmerstown
0%
Portarlington
0%
Portlaoise
0%
Raheny
0%
Rathgar
0%
Ratoath
0%
Sallynoggin
0%
Sandyford
0%
Sandymount
0%
Shankill
0%
Shannon
0%
Skerries
0%
Tallaght
0%
Terenure
0%
Thurles
0%
Trá Mhór
0%
Tullamore
0%
Westport
0%
Youghal
0%
Ehtoja vastaavia visoja ei löytynyt
Tulosjakauma
Jokaisen tuloksen saaneiden osuus
Persentiili vastausten määrän mukaan
Tuloshistoriasi
Et ole pelannut tätä visaa